Tìm hiểu tình hình sản xuất công nghiệp ở huyện Tĩnh Gia - Thanh Hóa giai đoạn 2000 - 2008. Ảnh hưởng của nó đối với sự phát triển kinh tế - xã hội và môi trường địa phương. Hướng phát triển đến 2015

Cơ sở lí luận chung. Tình hình sản xuất công nghiệp ở huyện Tĩnh Gia giai đoạn 2000 - 2008. Ảnh hưởng của sản xuất công nghiệp đến phát triển kinh tế - xã hội và môi trường của huyện. Định hướng phát triển đến năm 2015

保存先:
書誌詳細
第一著者: Trịnh,Thị Tươi
その他の著者: Nguyễn, Duy Hòa Th.S (Hướng dẫn)
フォーマット: 図書
言語:Vietnamese
出版事項: Đà Nẵng Trường Đại học Sư phạm 2010
シリーズ:Khóa luận tốt nghiệp ĐH. Chuyên ngành: Cử nhân Địa Lý
主題:
タグ: タグ追加
タグなし, このレコードへの初めてのタグを付けませんか!
Thư viện lưu trữ: Mạng thư viện Đại học Đà Nẵng
LEADER 01797nam a2200337 4500
001 000011559
003 7812
005 20121214101205.0
008 120207s2010 viesd
041 |a vie 
072 |a Khóa luận tốt nghiệp 
082 |a 330.41  |b TR-T 
100 |a Trịnh,Thị Tươi 
245 |a Tìm hiểu tình hình sản xuất công nghiệp ở huyện Tĩnh Gia - Thanh Hóa giai đoạn 2000 - 2008. Ảnh hưởng của nó đối với sự phát triển kinh tế - xã hội và môi trường địa phương. Hướng phát triển đến 2015  |c Trịnh,Thị Tươi. Hướng dẫn Nguyễn, Duy Hòa 
260 |a Đà Nẵng  |b Trường Đại học Sư phạm  |c 2010 
300 |a 86 tr.  |b ảnh, biểu đồ  |c 29 cm. 
490 |a Khóa luận tốt nghiệp ĐH. Chuyên ngành: Cử nhân Địa Lý 
500 |a Tài liệu tham khảo tr.86, Phụ lục 
520 |a Cơ sở lí luận chung. Tình hình sản xuất công nghiệp ở huyện Tĩnh Gia giai đoạn 2000 - 2008. Ảnh hưởng của sản xuất công nghiệp đến phát triển kinh tế - xã hội và môi trường của huyện. Định hướng phát triển đến năm 2015 
653 |a Khóa luận tốt nghiệp Đại học 
700 |a Nguyễn, Duy Hòa  |c Th.S  |e Hướng dẫn 
OWN |a LSP 
AVA |a UDN50  |b LSP  |d 330.41 TR-T  |e available  |t Error 5001 Not defined in file expand_doc_bib_avail.  |f 1  |g 0  |h N  |i 0  |k 1 
999 |a From the UDN01 
AVA |a UDN50  |b LSP  |d 330.41 TR-T  |e available  |t Error 5001 Not defined in file expand_doc_bib_avail.  |f 1  |g 0  |h N  |i 0  |k 1 
TYP |a Monograph 
TYP |a Printed language 
980 |a Mạng thư viện Đại học Đà Nẵng